00950 2200253 4500001002100000005001500021035002000036007000300056008004100059020002200100082001100122084001700133100003400150245003500184250001400219300004400233520026600277600001300543264004000556336003100596337003000627338002300657990001600680INLIS00000000000010220210204100552 a0010-0121000097ta210204 j j ind  a978-979-28-2192-5 a398.26 a398.26 RIS p0 aRistyanti NugraheiePengarang1 aPiala Kejujuran /cAri Subekti aCetakan I ai, 30 Halaman :bCerpen ;c21 x 29,7 cm aLodi dan Mona ingin mengikuti lomba pindah kelereng. Lodi dan Mona ingin membawa pulang piala. Mereka mencari cara untuk memenangkan lomba. Akhirnya, Lodi dan Mona memenangkan perlombaan. Lodi dan Mona berhasil membawa pulang piala. Namun, Lodi merasa bersalah. 4aMotivasi aKlaten :bPT. Intan Pariwara,c2017 aTeks Bergambar2rdacontent aTanpa Perantara2rdamedia aVolume2rdacarrier a00000000404